| 000 | 00828nam a2200193Ia 4500 | ||
|---|---|---|---|
| 999 |
_c45565 _d45565 |
||
| 001 | 12391 | ||
| 003 | GE_BSU | ||
| 005 | 20221116121932.0 | ||
| 008 | 181216s2003||||ge |||||||||||||| ||geo|| | ||
| 040 | _cGE_BSU | ||
| 041 | _ageo | ||
| 080 | _a343(075.8 დ-11 | ||
| 100 |
_aდაუთაშვილი, პეტრე. _97857 |
||
| 245 |
_aსაქართველოს სისხლის სამართალი : _b(კერძო ნაწილი) / _cპეტრე დაუთაშვილი; [რედ.: გურამ ქარქაშაძე]. |
||
| 264 |
_aთბილისი : _bიურიდიული აზრი, _c2003. |
||
| 300 |
_a367 გვ. ; _b20 სმ. |
||
| 653 | _aსაქართველოს სისხლის სამართალი | ||
| 942 |
_cBK _2udc |
||